[Event "Torneo dei Candidati Quarti di Finale"]
[Site "Castelvecchio Pascoli - Barga ITA"]
[Date "1977.02.??"]
[Round "6"]
[White "Petrosian, Tigran Vartanovich"]
[Black "Korchnoi, Viktor L."]
[WhiteElo "2645"]
[BlackElo "2645"]
[Result "1-0"]
[PlyCount "72"]
[EventDate "1977.02.28"]

1. d4 d5 2. Nf3 Nf6 3. c4 e6 4. Nc3 c5 5. cxd5 Nxd5 6. e4 Nxc3 7. bxc3 cxd4 8.
cxd4 Bb4+ 9. Bd2 Bxd2+ 10. Qxd2 O-O 11. Bc4 Nc6 12. O-O b6 13. Rfe1 Bb7 14.
Rad1 Ne7 15. d5 exd5 16. exd5 Nf5 17. Ne5 Nd6 18. Nc6 Bxc6 19. dxc6 Nxc4 20.
Qf4 Nd6 21. Rxd6 Qc7 22. g3 h6 23. Qe5 Rac8 24. Qd5 Kh7 25. Re4 Kg8 26. Kg2 a6
27. h4 b5 28. g4 Kh7 29. Re2 Kg8 30. g5 h5 31. Rd2 Rfe8 32. Qf3 g6 33. R2d5 Rf8
34. Rf6 Qe7 35. Rd7 Qe8 36. Rxg6+ Kh7 1-0

[Event "Torneo dei Candidati Quarti di Finale"]
[Site "Castelvecchio Pascoli - Barga ITA"]
[Date "1977.02.??"]
[Round "9"]
[White "Korchnoi, Viktor L."]
[Black "Petrosian, Tigran Vartanovich"]
[WhiteElo "2645"]
[BlackElo "2645"]
[Result "1/2-1/2"]
[PlyCount "85"]
[EventDate "1977.02.28"]

1. c4 e6 2. g3 d5 3. Nf3 Nf6 4. Bg2 Be7 5. d4 O-O 6. Nc3 dxc4 7. Ne5 c5 8. dxc5
Qxd1+ 9. Nxd1 Bxc5 10. Nxc4 Nc6 11. Be3 Bb4+ 12. Bd2 Bxd2+ 13. Nxd2 Bd7 14. Nc4
Rfd8 15. Nc3 Kf8 16. Nd6 Rab8 17. O-O-O Ne8 18. Nde4 Ke7 19. Nc5 Nf6 20. Nxd7
Rxd7 21. Rxd7+ Nxd7 22. Rd1 Rc8 23. b3 Ndb8 24. Kb2 Rd8 25. Rxd8 Kxd8 26. Nb5
Kd7 27. Kc3 a6 28. Nd4 b6 29. Nf3 h6 30. Nd2 Kc7 31. f4 Nd7 32. Bf3 b5 33. b4
Nb6 34. a3 Na4+ 35. Kd3 Ne7 36. Bh5 f6 37. Bg4 Kd7 38. Bh3 Nc8 39. e4 Ne7 40.
Nf3 Nc6 41. e5 Nb2+ 42. Kc3 Na4+ 43. Kd3 1/2-1/2

[Event "Torneo dei Candidati Quarti di Finale"]
[Site "Castelvecchio Pascoli - Barga ITA"]
[Date "1977.02.??"]
[Round "10"]
[White "Petrosian, Tigran Vartanovich"]
[Black "Korchnoi, Viktor L."]
[WhiteElo "2645"]
[BlackElo "2645"]
[Result "1/2-1/2"]
[PlyCount "29"]
[EventDate "1977.02.28"]

1. Nf3 Nf6 2. c4 b6 3. g3 Bb7 4. Bg2 e6 5. O-O Be7 6. d4 O-O 7. Nc3 Ne4 8. Qc2
Nxc3 9. Qxc3 Be4 10. Bf4 Nc6 11. Rfd1 d5 12. Ne5 Nxe5 13. Bxe5 Bxg2 14. Kxg2 c6
15. Rac1 1/2-1/2

[Event "Torneo dei Candidati Quarti di Finale"]
[Site "Castelvecchio Pascoli - Barga ITA"]
[Date "1977.02.??"]
[Round "12"]
[White "Petrosian, Tigran Vartanovich"]
[Black "Korchnoi, Viktor L."]
[WhiteElo "2645"]
[BlackElo "2645"]
[Result "1/2-1/2"]
[PlyCount "81"]
[EventDate "1977.02.28"]

1. d4 Nf6 2. c4 e6 3. Nf3 b6 4. e3 Bb7 5. Bd3 Bb4+ 6. Nbd2 c5 7. dxc5 Bxc5 8.
O-O Nc6 9. a3 Qc7 10. b3 Ne5 11. Nxe5 Qxe5 12. Ra2 Bd6 13. g3 Qc5 14. e4 h5 15.
b4 Qc7 16. Re1 h4 17. Nf1 hxg3 18. hxg3 a5 19. Rb2 axb4 20. axb4 Be5 21. Rc2
Ra1 22. Qe2 Qb8 23. Kg2 Qa8 24. Nd2 Ra4 25. b5 Kf8 26. Nf3 Bd6 27. Ng5 Bc5 28.
Bb2 Ke7 29. Rcc1 Ba3 30. Ra1 Bxb2 31. Qxb2 Rxa1 32. Rxa1 Qb8 33. Qd4 e5 34. Qc3
Rh5 35. Qb4+ d6 36. Qd2 g6 37. Be2 Nxe4 38. Nxe4 Bxe4+ 39. f3 Bb7 40. g4 Rh7
41. Qg5+ 1/2-1/2